Rubiaceae na Serra Geral de Licínio de Almeida, Bahia, Brasil (Registro n. 331264)
[ somente texto ]
| 000 -LÍDER | |
|---|---|
| fixed length control field | 03969nab a2200265 i 4500 |
| 003 - CÓDIGO MARC DA AGÊNCIA CATALOGADORA | |
| Campo de controle | BR-BrBNA |
| 005 - DATA E HORA DA ÚLTIMA ATUALIZAÇÃO | |
| Campo de controle | 20250429134835.0 |
| 008 - CAMPO DE TAMANHO FIXO | |
| fixed length control field | 250429b bl.||||| |||| 00| 0 por | |
| 040 ## - FONTE DA CATALOGAÇÃO | |
| Agência catalogadora | BR-BrBNA |
| Idioma da catalogação | por |
| 072 ## - CATEGORIA AGRIS | |
| Código AGRIS | F70 |
| 100 ## - ENTRADA PRINCIPAL - NOME PESSOAL | |
| Nome pessoal | Borges, Rodrigo L. |
| 100 ## - ENTRADA PRINCIPAL - NOME PESSOAL | |
| Nome pessoal | Jardim, Jomar G. |
| 100 ## - ENTRADA PRINCIPAL - NOME PESSOAL | |
| Nome pessoal | Roque, Nádia |
| 245 ## - TÍTULO PRINCIPAL | |
| Título principal | Rubiaceae na Serra Geral de Licínio de Almeida, Bahia, Brasil |
| 500 ## - NOTA GERAL | |
| Nota geral | Publicação on-line; Bibliography p. 620-621 (62 ref.); 11 illus.; Summaries (En, Pt) |
| 942 ## - ADDED ENTRY ELEMENTS (KOHA) | |
| Koha item type | Analítica |
| 520 ## - NOTA DE RESUMO | |
| Nota de conteúdo | <br/><br/>Resumo<br/><br/>Entre as áreas que são reconhecidas pela carência de inventários florísticos no estado da Bahia, destaca-se a<br/>região sudoeste, mais precisamente as áreas que compreendem o Espinhaço Setentrional. O objetivo deste<br/>estudo foi realizar o levantamento florístico e taxonômico de Rubiaceae da Serra Geral de Licínio de Almeida<br/>(SGLA), Bahia. Foram realizadas dez expedições de campo para coleta entre julho de 2012 e maio de 2015,<br/>abrangendo todas as fitofisionomias existentes na área. Os materiais coletados foram processados e depositados<br/>nos herbários ALCB e HUEFS. Materiais de referência foram também analisados em visita aos herbários<br/>ALCB, CEPEC, HRB, HUEFS, RB, SPF. Foram reconhecidas 43 espécies, distribuídas em 28 gêneros, sendo<br/>Declieuxia (5 spp.), Borreria (3 spp.), Cordiera (3 spp.) e Psychotria (3 spp.) os gêneros mais diversos e,<br/>seguindo os estudos florísticos prévios na Cadeia do Espinhaço, houve um grande número de gêneros (19)<br/>com apenas uma única espécie. Psyllocarpus asparagoides, Psyllocarpus laricoides, Stachyarrhena reflexa<br/>são endêmicas da Bahia e Minas Gerais; Declieuxia passerina e Galianthe peruviana são novas ocorrências<br/>para a Bahia, e duas espécies (Randia sp. e Staelia sp.) são possivelmente inéditas para a ciência. São<br/>apresentados chaves de identificação genérica e específica, descrições, comentários taxonômicos para as<br/>espécies, além de fotos e ilustrações.<br/><br/>Palavras-chave: diversidade florística, Espinhaço Setentrional, taxonomia.<br/><br/><br/><br/><br/><br/>Abstract<br/><br/>One of the areas in Bahia that is known by the lack of floristic inventories is the southwest region, more<br/>precisely the area that comprises the septentrional part of the Espinhaço Range. The aim of this study was to<br/>carry out a floristic and taxonomic survey of Rubiaceae of the Serra Geral of Licínio de Almeida (SGLA),<br/>Bahia. Ten field trips were conducted between July 2012 and May 2015, covering all existing vegetation types<br/>in the area. The collected material was processed and deposited at HUEFS and ALCB herbaria. Reference<br/>materials were also analyzed in visits to CEPEC, HRB, HUEFS, RB and SPF. A number of 43 species<br/>distributed in 28 genera were recognized, with Declieuxia (5 spp.), Borreria (3 spp.), Cordiera (3 spp.) and<br/>Psychotria (3 spp.) as the most diverse genera. Following previous floristic studies in the Espinhaço Range,<br/>there is alarge number of genera (19) represented by a single species. Psyllocarpus asparagoides, Psyllocarpus<br/>laricoides and Stachyarrhena reflexa are endemic to Minas Gerais and Bahia; Declieuxia passerina and<br/>Galianthe peruviana are new records for Bahia, and two species are considered new for science (Randia sp.<br/>and Staelia sp.). Keys to genera and species identification, descriptions, taxonomic and biologic comments<br/>for all species are presented, as well as images and illustrations.<br/><br/>Key words: floristic, Espinhaço Septentrional, taxonomy. |
| 650 ## - ASSUNTO - THESAGRO | |
| Cabeçalho tópico ou nome geográfico | BIODIVERSIDADE |
| 650 ## - ASSUNTO - THESAGRO | |
| Cabeçalho tópico ou nome geográfico | COMPOSIÇÃO BOTÂNICA |
| 650 ## - ASSUNTO - THESAGRO | |
| Cabeçalho tópico ou nome geográfico | RUBIACEAE |
| 650 ## - ASSUNTO - THESAGRO | |
| Cabeçalho tópico ou nome geográfico | TAXONOMIA |
| 773 0# - ENTRADA ANALÍTICA | |
| Host Biblionumber | 709 |
| Registro do item | 349998 |
| Imprenta | Rio de Janeiro-RJ Jardim Botanico do Rio de Janeiro 1935 |
| Outro identificador | 2025-2520 |
| Título | Rodriguésia (Brazil) |
| ISSN | 0370-6583; 2175-7860 on-line |
| Colação | v.68(2) p. 581-621; (2017) |
| Número de controle de registro | BR2025000796 |
| 856 ## - ACESSO E ENDEREÇO ELETRÔNICO | |
| Identificador uniforme de recurso - URI | https://www.scielo.br/j/rod/a/swmrcRbqmBtdLHVvssDxDKG/?format=pdf&lang=pt |
Nenhum exemplar disponível.

BINAGRI